000 02300cam a2200529 a 4500
001 sjds1116678
003 sjds
005 20180805213910.0
008 090225s2009 txu c 000 1 eng
010 _a 2009003480
020 _a9781558855557 (pbk.)
020 _a1558855556 (pbk.)
035 _a418883
035 _z(OCoLC)369137691
035 _a(OCoLC)311074120
035 _a418883
040 _aDLC
_cDLC
_dZPX
_dSAP
_dEHH
_dBTCTA
_dIFA
_dUtOrBLW
041 1 _aspa
_aeng
_heng
049 _aIFAA
099 _f2009
100 1 _aSaldana, Rene,
_eauthor.
245 1 4 _aThe case of the pen gone missing :
_ba Mickey Rangel mystery /
_cby Rene Saldana, Jr. ; Spanish translation by Carolina Villarroel = El caso de la pluma perdida : coleccion Mickey Rangel, detective privado / por Rene Saldana, Jr. ; traduccion al espanol de Carolina Villarroel.
246 3 0 _aCaso de la pluma perdida
246 3 1 _aEl caso de la pluma perdida
260 _aHouston, Tex. :
_bPinata Books,
_c2009.
264 1 _aHouston, Tex. :
_bPinata Books,
_c2009.
300 _a32, 33 pages :
_billustrations ;
_c22 cm.
336 _atext
_btxt
_2rdacontent
337 _aunmediated
_bn
_2rdamedia
338 _avolume
_bnc
_2rdacarrier
490 1 _aMickey Rangel mystery
520 _aWhen the prettiest girl in fifth-grade asks sleuth Mickey Rangel to prove her innocent of stealing a valuable pen, he ignores his instincts and takes the case, aided by a note from an unknown "angel."
521 8 _a770
_bLexile
526 0 _aAccelerated Reader
_bMG
_c4.9
_d1.0
_z134033SP
546 _aVersions in English and Spanish bound together = Versiones en inglés y español encuadernadas juntas.
650 0 _aDetective and mystery stories
_vJuvenile literature.
650 0 _aSchools
_vJuvenile fiction.
650 0 _aLost and found possessions
_vJuvenile fiction.
650 0 _aSpanish language materials
_xBilingual
_vJuvenile literature.
650 7 _aNovela policíaca
_vLiteratura juvenil.
_2bidex
650 7 _aEscuelas
_vNovela juvenil.
_2bidex
650 7 _aObjetos perdidos
_vNovela juvenil.
_2bidex
650 7 _aMateriales bilingues en espanol
_vLiteratura juvenil.
_2bidex
700 1 _aVillarroel, Carolina,
_d1971-
800 1 _aSaldana, Rene.
_tMickey Rangel mystery.
942 _cBK
_2ddc
999 _c21212
_d21212